Nashville General Knowledge - Statistics

General Stats
  • This quiz has been taken 263 times
  • The average score is 10 of 15
Answer Stats
Hint Answer % Correct
Popular genre of music, Nashville is known for it Country
93%
Replica of a famous Greek temple in Centennial Park Parthenon
86%
Accurate and well known nickname for the city. Music
82%
Prestigious private university in the heart of Downtown Vanderbilt
81%
7th U.S. president that moved to Nashville and died there Andrew Jackson
74%
Famous street and district featuring bars and live music Broadway
69%
Very famous country singer who lived and died in Nashville Johnny Cash
68%
Food that nashville is famous for, seriously its everywhere Hot Chicken
64%
The longest running radio broadcast in US history Grand Ole Opry
62%
Some say the AT&T building looks like this, nickname for it Batman
61%
Major river that runs from Kentucky through downtown Cumberland
59%
Famous auditorium and former home to the Grand Opry Ryman
58%
Major Nashville district, home to record labels and studios Music Row
47%
Famous cafe that features up&coming songwriters The Bluebird
46%
Popular television channel headquartered in Nashville CMT
40%
No matching quizzes found
Score Distribution
Percent of People with Each Score
Percentile by Number Answered
Your Score History
You have not taken this quiz